Výskyt rizikových chemických prvkov v krmivách a orgánoch dojníc pestovaných a chovaných v spádovej oblasti hutníckeho závodu

Bibliographic Details
Main Authors: Naď, Pavol (Author), Korenéková, B. (Author), Skalická, Magdaléna (Author)
Format: Article
Language:Slovak
Subjects:
ISBN: 80-86380-01-7
Source: 1. Hutnícka analytika 2000 1. Český Těšín : Ing. Václav Helán - 2 Theta, 2000 1. 80-86380-01-7 1. S. 118-120
LEADER 01008naa a2200301 a 4500
001 000080413
003 SVKKK
005 20060821144336.0
008 060821c2000 xr e slo
FMT
038 |a SVKKK 
040 |a SVKKK  |b slo  |e AACR2 
041 0 |a slo 
044 |a xr  |c SK 
080 |a 636.034(437.6)  |2 1997 
080 |a 669.013  |2 1997 
100 1 |a Naď, Pavol  |4 aut 
245 1 0 |a Výskyt rizikových chemických prvkov v krmivách a orgánoch dojníc pestovaných a chovaných v spádovej oblasti hutníckeho závodu  |c Pavol Naď, B. Korenéková, Magdaléna Skalická 
300 |b Tab. 
650 0 4 |a hutníctvo  |x výroba živočíšna  |x prvky chemické rizikové  |x analýzy  |z Slovensko východné  |y 1999 
700 1 |a Korenéková, B.  |4 aut 
700 1 |a Skalická, Magdaléna  |4 aut 
773 0 |t Hutnícka analytika 2000  |d Český Těšín : Ing. Václav Helán - 2 Theta, 2000  |z 80-86380-01-7  |g S. 118-120 
958 |a SK 
992 |a RZB 
BAS
852 |a SVKKK  |b BIB 
998 |a HUT